Michelle SWEENEY, Magic in medieval romance, from Chrétien de Troyes to Geoffrey Chaucer, Dublin, Four Courts Press, 2000 ; 1 vol. in-8o, 199 p. ISBN : 978- 1851825363. Prix : USD 70. (notice n° 1603694)

détails MARC
000 -LEADER
fixed length control field 01515cam a2200157 4500500
005 - DATE AND TIME OF LATEST TRANSACTION
control field 20251228092833.0
041 ## - LANGUAGE CODE
Language code of text/sound track or separate title fre
042 ## - AUTHENTICATION CODE
Authentication code dc
100 10 - MAIN ENTRY--PERSONAL NAME
Personal name Carruthers, Leo
Relator term author
245 00 - TITLE STATEMENT
Title Michelle SWEENEY, Magic in medieval romance, from Chrétien de Troyes to Geoffrey Chaucer, Dublin, Four Courts Press, 2000 ; 1 vol. in-8o, 199 p. ISBN : 978- 1851825363. Prix : USD 70.
260 ## - PUBLICATION, DISTRIBUTION, ETC.
Date of publication, distribution, etc. 2012.<br/>
500 ## - GENERAL NOTE
General note 89
520 ## - SUMMARY, ETC.
Summary, etc. The Literary Originality of the Moniage Rainouart in the Roman de Guillaume d’Orange This article attempts to define the literary originality of the Moniage Rainouart in the Roman de Guillaume d’Orange. The prose brings a calmer pace after the strict framework of the decasyllabic meter, which directed the expression of thought. The text is re-imagined, sometimes delicately, sometimes conspicuously : changes in the writing, in the conception of the characters. Shifts in meaning occur, blatant antagonisms are more reconciled, which does not remove the comedic, even satirical. Violent contrasts are toned down, the angular becomes more rounded. The desire to soften, to attenuate, is what best characterizes this re-writing : the result is greater sobriety and added nuance. The romance’s atmosphere is influenced by the period of its creation and the personality of the narrator.
786 0# - DATA SOURCE ENTRY
Note Le Moyen Age | CXVII | 3 | 2012-04-14 | p. 651f-658f | 0027-2841
856 41 - ELECTRONIC LOCATION AND ACCESS
Uniform Resource Identifier <a href="https://shs.cairn.info/revue-le-moyen-age-2011-3-page-651f?lang=fr&redirect-ssocas=7080">https://shs.cairn.info/revue-le-moyen-age-2011-3-page-651f?lang=fr&redirect-ssocas=7080</a>

Pas d'exemplaire disponible.

PLUDOC

PLUDOC est la plateforme unique et centralisée de gestion des bibliothèques physiques et numériques de Guinée administré par le CEDUST. Elle est la plus grande base de données de ressources documentaires pour les Étudiants, Enseignants chercheurs et Chercheurs de Guinée.

Adresse

627 919 101/664 919 101

25 boulevard du commerce
Kaloum, Conakry, Guinée

Réseaux sociaux

Powered by Netsen Group @ 2025